Statistieken voor Ecuador Trivia Quiz

Klik hier om de quiz te nemen!

Algemene statistieken

  • Deze quiz is 266 keer genomen
  • De gemiddelde score is 12 van 20

Antwoordstatistieken

HintAntwoord% Correct
Officiële taalSpaans
98%
HoofdstadQuito
90%
Landen die aan Ecuador grenzenPeru
89%
Landen die aan Ecuador grenzenColombia
88%
Bergketen die door Ecuador looptAndes
86%
Breedtegraad waarop het land ligtDe {Evenaar}
85%
Het oosten van het land maakt deel uit van dit regenwoudAmazone
82%
Eilandketen 906 km ten westen van het vastelandGalápagoseilanden
75%
Wetenschapper die die eilanden aan boord van de HMS Beagle heeft bezochtCharles Darwin
68%
Zuid-Amerikaans rijk dat in de 14e eeuw het hedendaagse Ecuador veroverdeInca's
65%
Ecuador is 's werelds grootste exporteur van dit fruitBananen
60%
Valuta van EcuadorAmerikaanse dollar
53%
Vogel op het wapenschildAndes{condor}
47%
Diersoort die is uitgestorven toen Lonesome George stierf in 2012Pinta-eiland{schildpad}
45%
Meest bevolkte stadGuayaquil
43%
Stijl hoed die uit Ecuador komt maar vernoemd is naar een ander land{Panama}hoed
42%
Meest gesproken moedertaalQuechua
39%
Type leguaan dat alleen op die eilanden voorkomt{Zee}leguaan
30%
Hoogste berg ter wereld (gemeten vanaf het middelpunt van de aarde)Chimborazo
28%
Antimalariamiddel gemaakt van Cinchona, de nationale boom van EcuadorKinine
27%

Scoreverdeling

Percentiel versus Aantal Correcte Antwoorden

Procent van Mensen met Elke Score

Uw Scoregeschiedenis

U heeft deze quiz nog niet genomen